Escudos Primera Federación 24/25 - Estadísticas

Estadísticas generales
  • Esta prueba ha sido intentada 90 veces
  • La puntuación promedio es 32 de 40
Estadísticas de respuestas
Imagen Respuesta % Correcto
Cultural Leonesa
99%
Barakaldo
97%
Andorra
96%
Arenteiro
96%
Lugo
94%
Ourense
94%
Ponferradina
94%
Unionistas
94%
Zamora
94%
Bilbao Athletic
93%
Real Sociedad B
93%
Antequera
90%
Ibiza
90%
Osasuna B
90%
Real Murcia
90%
Hercules
89%
Amorebieta
87%
Real Madrid Castilla
87%
Celta B
86%
Gimnastic de Tarragona
86%
Real Union
83%
Alcoyano
80%
Ceuta
80%
Fuenlabrada
80%
Merida
80%
Algeciras
77%
Intercity
77%
Marbella
77%
Sevilla Atletico
77%
Alcorcon
76%
Recreativo
75%
Yeclano Deportivo
73%
Villarreal B
72%
Gimnastica Segoviana
68%
Sestao River
62%
Barça Atletic
61%
Atletico Sanluqueño
54%
Betis Deportivo
51%
Tarazona
49%
Atletico Madrid B
38%
No se encontraron pruebas coincidentes
Distribución de puntuación
Porcentaje de gente con cada puntuación
Porcentaje por número respondido
Historial de tus puntuaciones
No has intentado esta prueba.